000
00310nam a22001457a 4500
003
SGT
020
_a
81-7132-279-4
082
_a
633
_b
SAT
100
_a
SATI, V.P.
245
_a
TOURISM DEVELOPMENT IN INDIA
260
_a
INDIA
_b
POINTER PUB.
_c
2011
300
_a
238
650
_a
TOURISM
942
_2
ddc
_c
BK
999
_c
28558
_d
28558